[Event "Blitz 2018"]
[Site "Saint-Petersburg"]
[Date "2018.12.30"]
[Round "14"]
[Board "62"]
[White "Stetsko Lanita (BLR)"]
[Black "Kosteniuk Oksana (RUS)"]
[Result "1/2-1/2"]
[BlackElo "1998"]
[WhiteElo "2086"]
[LiveChessVersion "1.4.8"]

1. e4 {[%clk 0:03:02]} d5 {[%clk 0:03:04]} 2. exd5 {[%clk 0:03:03]} Qxd5
{[%clk 0:03:05]} 3. Nc3 {[%clk 0:03:03]} Qd6 {[%clk 0:03:06]} 4. d4
{[%clk 0:03:02]} Nf6 {[%clk 0:03:07]} 5. Nf3 {[%clk 0:03:03]} c6 {[%clk 0:03:07]}
6. g3 {[%clk 0:03:03]} Bg4 {[%clk 0:03:07]} 7. Bg2 {[%clk 0:03:02]} e6
{[%clk 0:03:02]} 8. h3 {[%clk 0:02:48]} Bh5 {[%clk 0:03:00]} 9. g4
{[%clk 0:02:41]} Bg6 {[%clk 0:03:01]} 10. Ne5 {[%clk 0:02:42]} Nbd7
{[%clk 0:02:49]} 11. Nxg6 {[%clk 0:02:40]} hxg6 {[%clk 0:02:48]} 12. Be3
{[%clk 0:02:13]} Nb6 {[%clk 0:02:47]} 13. Qe2 {[%clk 0:02:12]} Be7
{[%clk 0:02:37]} 14. O-O-O {[%clk 0:02:06]} O-O-O {[%clk 0:02:19]} 15. Qf3
{[%clk 0:01:48]} Nbd5 {[%clk 0:01:58]} 16. Nxd5 {[%clk 0:01:46]} exd5
{[%clk 0:01:41]} 17. g5 {[%clk 0:01:31]} Ne4 {[%clk 0:01:15]} 18. h4
{[%clk 0:01:32]} f5 {[%clk 0:01:08]} 19. gxf6 {[%clk 0:01:26]} gxf6
{[%clk 0:00:55]} 20. Qg4+ {[%clk 0:01:27]} Qd7 {[%clk 0:00:50]} 21. Bxe4
{[%clk 0:01:15]} dxe4 {[%clk 0:00:49]} 22. Qxg6 {[%clk 0:01:15]} f5
{[%clk 0:00:45]} 23. h5 {[%clk 0:00:50]} Rdg8 {[%clk 0:00:43]} 24. Qf7
{[%clk 0:00:50]} Rf8 {[%clk 0:00:30]} 25. Qc4 {[%clk 0:00:47]} f4
{[%clk 0:00:27]} 26. Bd2 {[%clk 0:00:48]} Bg5 {[%clk 0:00:19]} 27. Bb4
{[%clk 0:00:34]} Rf5 {[%clk 0:00:17]} 28. Kb1 {[%clk 0:00:15]} Qd5
{[%clk 0:00:18]} 29. Qc3 {[%clk 0:00:14]} Bh6 {[%clk 0:00:16]} 30. Bc5
{[%clk 0:00:15]} b6 {[%clk 0:00:15]} 31. Bb4 {[%clk 0:00:16]} Kb7
{[%clk 0:00:16]} 32. Qb3 {[%clk 0:00:16]} Qxb3 {[%clk 0:00:17]} 33. axb3
{[%clk 0:00:18]} a5 {[%clk 0:00:18]} 34. Bc3 {[%clk 0:00:18]} Rd5
{[%clk 0:00:18]} 35. Rde1 {[%clk 0:00:19]} e3 {[%clk 0:00:18]} 36. fxe3
{[%clk 0:00:20]} fxe3 {[%clk 0:00:20]} 37. Re2 {[%clk 0:00:17]} Bf4
{[%clk 0:00:21]} 38. Rf1 {[%clk 0:00:17]} Bg5 {[%clk 0:00:20]} 39. Rf7+
{[%clk 0:00:17]} Kc8 {[%clk 0:00:21]} 40. Kc1 {[%clk 0:00:11]} Rxh5
{[%clk 0:00:22]} 41. Kd1 {[%clk 0:00:10]} Rh1+ {[%clk 0:00:23]} 42. Re1
{[%clk 0:00:11]} Rxe1+ 43. Kxe1 {[%clk 0:00:12]} Rd7 {[%clk 0:00:24]} 44. Rxd7
{[%clk 0:00:12]} Kxd7 {[%clk 0:00:25]} 45. Ke2 {[%clk 0:00:13]} Ke6
{[%clk 0:00:25]} 46. Be1 {[%clk 0:00:13]} Kd5 {[%clk 0:00:26]} 47. c3
{[%clk 0:00:14]} c5 {[%clk 0:00:27]} 48. dxc5 {[%clk 0:00:14]} Kxc5
{[%clk 0:00:28]} 49. Bg3 {[%clk 0:00:15]} b5 {[%clk 0:00:28]} 50. Be5
{[%clk 0:00:15]} a4 {[%clk 0:00:28]} 51. bxa4 {[%clk 0:00:16]} bxa4
{[%clk 0:00:30]} 52. Bd4+ {[%clk 0:00:08]} Kc4 {[%clk 0:00:30]} 53. Be5
{[%clk 0:00:05]} Kb3 {[%clk 0:00:31]} 54. c4 {[%clk 0:00:05]} Kxc4
{[%clk 0:00:32]} 55. Bg7 {[%clk 0:00:05]} Kb3 {[%clk 0:00:33]} 56. Bh8
{[%clk 0:00:05]} a3 {[%clk 0:00:34]} 57. bxa3 {[%clk 0:00:06]} Kxa3
{[%clk 0:00:36]} 58. Bd4 1/2-1/2

[Event "Blitz 2018"]
[Site "Saint-Petersburg"]
[Date "2018.12.30"]
[Round "15"]
[Board "9"]
[White "Goryachkina Aleksandra (RUS)"]
[Black "Mamedjarova Zeinab (AZE)"]
[Result "1/2-1/2"]
[BlackElo "2271"]
[WhiteElo "2422"]
[LiveChessVersion "1.4.8"]

1. d4 d5 2. c4 {[%clk 0:03:04]} e6 {[%clk 0:03:06]} 3. Nf3 {[%clk 0:03:04]} Be7
{[%clk 0:03:07]} 4. g3 {[%clk 0:03:05]} Nf6 {[%clk 0:03:08]} 5. Bg2
{[%clk 0:03:06]} O-O {[%clk 0:03:09]} 6. O-O {[%clk 0:03:06]} b6 {[%clk 0:03:11]}
7. b3 {[%clk 0:03:00]} Bb7 {[%clk 0:03:12]} 8. Bb2 {[%clk 0:03:02]} Nbd7
{[%clk 0:03:12]} 9. Nbd2 {[%clk 0:03:02]} Rc8 {[%clk 0:03:10]} 10. Rc1
{[%clk 0:02:58]} c5 {[%clk 0:03:12]} 11. cxd5 {[%clk 0:02:57]} Nxd5
{[%clk 0:03:11]} 12. dxc5 {[%clk 0:02:47]} Nxc5 {[%clk 0:03:07]} 13. a3
{[%clk 0:02:46]} Bf6 {[%clk 0:02:59]} 14. Ne5 {[%clk 0:02:40]} Qe7
{[%clk 0:02:25]} 15. b4 {[%clk 0:02:30]} Nd7 {[%clk 0:02:15]} 16. Ndf3
{[%clk 0:02:21]} Rxc1 {[%clk 0:02:12]} 17. Qxc1 {[%clk 0:02:21]} Rc8
{[%clk 0:02:09]} 18. Qa1 {[%clk 0:02:22]} Rc2 {[%clk 0:02:01]} 19. Re1
{[%clk 0:02:08]} Qd6 {[%clk 0:01:39]} 20. Bd4 {[%clk 0:01:49]} Nxe5
{[%clk 0:01:23]} 21. Nxe5 {[%clk 0:01:40]} Ba6 {[%clk 0:01:00]} 22. e3
{[%clk 0:01:36]} Rc8 {[%clk 0:00:29]} 23. Ng4 {[%clk 0:01:28]} Bxd4
{[%clk 0:00:30]} 24. Qxd4 {[%clk 0:01:29]} Rc4 {[%clk 0:00:20]} 25. Qd1
{[%clk 0:01:29]} Qc7 {[%clk 0:00:03]} 26. e4 {[%clk 0:01:10]} Ne7
{[%clk 0:00:04]} 27. Ne3 {[%clk 0:01:04]} Rc3 {[%clk 0:00:05]} 28. Qd2
{[%clk 0:01:05]} Rxa3 {[%clk 0:00:06]} 29. Rc1 {[%clk 0:01:05]} Qb8
{[%clk 0:00:06]} 30. Qb2 {[%clk 0:01:01]} Ra4 {[%clk 0:00:07]} 31. h4 h6 32. Qb3
{[%clk 0:00:42]} Bb5 {[%clk 0:00:09]} 33. Nd1 {[%clk 0:00:41]} Qd6
{[%clk 0:00:10]} 34. Rb1 {[%clk 0:00:36]} Bc6 {[%clk 0:00:10]} 35. Nc3
{[%clk 0:00:36]} Ra6 {[%clk 0:00:10]} 36. e5 {[%clk 0:00:32]} Qc7
{[%clk 0:00:11]} 37. Bxc6 {[%clk 0:00:24]} Nxc6 {[%clk 0:00:12]} 38. b5
{[%clk 0:00:24]} Nd4 {[%clk 0:00:12]} 39. Qb4 {[%clk 0:00:18]} Qxc3
{[%clk 0:00:14]} 40. bxa6 {[%clk 0:00:19]} Nf3+ {[%clk 0:00:13]} 41. Kg2
{[%clk 0:00:17]} Qd3 {[%clk 0:00:14]} 42. Rc1 {[%clk 0:00:11]} Nd2
{[%clk 0:00:15]} 43. Qf4 {[%clk 0:00:08]} Qd5+ {[%clk 0:00:10]} 44. Kh3
{[%clk 0:00:06]} Nf3 {[%clk 0:00:10]} 45. Rc8+ Kh7 46. Rc1 {[%clk 0:00:07]} Nxe5
{[%clk 0:00:12]} 47. Re1 {[%clk 0:00:05]} Ng6 {[%clk 0:00:12]} 48. Qe3
{[%clk 0:00:05]} Qf5+ {[%clk 0:00:13]} 49. Kg2 {[%clk 0:00:06]} Qd5+
{[%clk 0:00:14]} 50. Qf3 {[%clk 0:00:07]} Qa5 {[%clk 0:00:15]} 51. Qxf7
{[%clk 0:00:07]} Qxa6 {[%clk 0:00:15]} 52. Rxe6 {[%clk 0:00:07]} Qd3
{[%clk 0:00:14]} 53. h5 {[%clk 0:00:07]} Qd5+ {[%clk 0:00:15]} 54. Kg1
{[%clk 0:00:07]} Qd1+ {[%clk 0:00:15]} 55. Kg2 {[%clk 0:00:08]} Qxh5
{[%clk 0:00:16]} 56. Qd7 {[%clk 0:00:06]} Qg4 {[%clk 0:00:14]} 57. Re7
{[%clk 0:00:04]} Nf4+ {[%clk 0:00:15]} 58. Kg1 {[%clk 0:00:05]} Nh3+
{[%clk 0:00:14]} 59. Kh2 {[%clk 0:00:06]} Qxd7 {[%clk 0:00:13]} 60. Rxd7
{[%clk 0:00:07]} Nxf2 {[%clk 0:00:14]} 61. Rxa7 {[%clk 0:00:08]} Ng4+
{[%clk 0:00:15]} 62. Kg2 {[%clk 0:00:09]} Nf6 {[%clk 0:00:16]} 63. Rb7
{[%clk 0:00:11]} Nd5 {[%clk 0:00:17]} 64. Kf3 {[%clk 0:00:11]} Kg6
{[%clk 0:00:16]} 65. Kf4 {[%clk 0:00:13]} Nf6 {[%clk 0:00:11]} 66. Ke5 Kg5
{[%clk 0:00:13]} 67. Rxb6 {[%clk 0:00:14]} g6 {[%clk 0:00:12]} 68. Rb4
{[%clk 0:00:12]} Nh5 {[%clk 0:00:12]} 69. Ke6 {[%clk 0:00:10]} Kg4
{[%clk 0:00:12]} 70. Rb3 {[%clk 0:00:11]} g5 {[%clk 0:00:12]} 71. Kf7
{[%clk 0:00:11]} Nxg3 {[%clk 0:00:13]} 72. Kg6 {[%clk 0:00:12]} Nf5
{[%clk 0:00:14]} 73. Kxh6 Nh4 {[%clk 0:00:16]} 74. Kg6 {[%clk 0:00:12]} Nf3
{[%clk 0:00:16]} 75. Kf6 {[%clk 0:00:13]} Kg3 {[%clk 0:00:09]} 76. Rb4
{[%clk 0:00:13]} Kh3 {[%clk 0:00:09]} 77. Kf5 {[%clk 0:00:07]} Nh4+
{[%clk 0:00:09]} 78. Kxg5 Nf3+ {[%clk 0:00:12]} 79. Kh5 {[%clk 0:00:09]} Kg3
{[%clk 0:00:15]} 80. Rb3 {[%clk 0:00:11]} Kf2 {[%clk 0:00:15]} 81. Kg4
{[%clk 0:00:12]} Nh2+ {[%clk 0:00:15]} 82. Kf4 {[%clk 0:00:13]} Kg2
{[%clk 0:00:16]} 83. Rb2+ {[%clk 0:00:14]} Kh3 {[%clk 0:00:17]} 84. Ra2
{[%clk 0:00:15]} Ng4 {[%clk 0:00:16]} 85. Ra3+ {[%clk 0:00:16]} Kh4
{[%clk 0:00:16]} 86. Ra1 {[%clk 0:00:17]} Nh2 {[%clk 0:00:17]} 87. Rg1
{[%clk 0:00:17]} Kh3 {[%clk 0:00:18]} 88. Ke3 {[%clk 0:00:12]} Kh4
{[%clk 0:00:17]} 89. Rh1 {[%clk 0:00:10]} Kg3 {[%clk 0:00:19]} 90. Rg1+
{[%clk 0:00:11]} Kh4 91. Kf2 {[%clk 0:00:12]} Ng4+ {[%clk 0:00:19]} 92. Kf3
{[%clk 0:00:13]} Ne5+ {[%clk 0:00:18]} 93. Kf4 {[%clk 0:00:13]} Nd3+
{[%clk 0:00:19]} 94. Ke4 {[%clk 0:00:13]} Nf2+ {[%clk 0:00:20]} 95. Kf3
{[%clk 0:00:15]} Nd3 {[%clk 0:00:20]} 96. Ke4 {[%clk 0:00:13]} Nf2+
{[%clk 0:00:21]} 97. Ke3 {[%clk 0:00:15]} Nh3 {[%clk 0:00:21]} 98. Rg8
{[%clk 0:00:14]} Kh5 {[%clk 0:00:22]} 99. Kf3 {[%clk 0:00:12]} Ng5+
{[%clk 0:00:23]} 100. Kf4 {[%clk 0:00:13]} Nh3+ {[%clk 0:00:22]} 101. Kf5
{[%clk 0:00:13]} Kh4 {[%clk 0:00:24]} 102. Rg4+ {[%clk 0:00:13]} Kh5
{[%clk 0:00:25]} 103. Ra4 {[%clk 0:00:14]} Ng5 {[%clk 0:00:24]} 104. Ra8
{[%clk 0:00:13]} Kh6 {[%clk 0:00:21]} 105. Rg8 {[%clk 0:00:11]} Nf7
{[%clk 0:00:20]} 106. Rg1 {[%clk 0:00:12]} Nd6+ {[%clk 0:00:16]} 107. Ke5
{[%clk 0:00:13]} Ne8 {[%clk 0:00:14]} 108. Ke6 {[%clk 0:00:12]} Ng7+
{[%clk 0:00:14]} 109. Kf7 {[%clk 0:00:12]} Nh5 {[%clk 0:00:13]} 110. Rg6+ Kh7
111. Rg5 {[%clk 0:00:12]} Kh6 {[%clk 0:00:16]} 112. Rf5 {[%clk 0:00:12]} Ng3
{[%clk 0:00:14]} 113. Rf3 {[%clk 0:00:11]} Nh5 {[%clk 0:00:13]} 114. Rf1
{[%clk 0:00:11]} Kg5 {[%clk 0:00:14]} 115. Rg1+ {[%clk 0:00:11]} Kf5
{[%clk 0:00:15]} 116. Ra1 {[%clk 0:00:11]} Kg5 {[%clk 0:00:15]} 117. Ra5+
{[%clk 0:00:12]} Kg4 {[%clk 0:00:16]} 118. Kg6 {[%clk 0:00:13]} Nf4+
{[%clk 0:00:18]} 119. Kf6 {[%clk 0:00:13]} Nh5+ {[%clk 0:00:19]} 120. Ke5
{[%clk 0:00:14]} Kg5 {[%clk 0:00:20]} 121. Ra8 {[%clk 0:00:12]} Kg6
{[%clk 0:00:21]} 122. Rg8+ {[%clk 0:00:13]} Kf7 {[%clk 0:00:22]} 123. Rg1
{[%clk 0:00:12]} Ng7 {[%clk 0:00:21]} 124. Rf1+ {[%clk 0:00:13]} Kg6
{[%clk 0:00:22]} 125. Rf6+ {[%clk 0:00:14]} Kg5 {[%clk 0:00:23]} 126. Rf7
{[%clk 0:00:14]} Kg6 {[%clk 0:00:24]} 127. Ra7 {[%clk 0:00:15]} Nh5
{[%clk 0:00:24]} 128. Ra8 {[%clk 0:00:13]} Ng7 {[%clk 0:00:23]} 129. Rg8
{[%clk 0:00:13]} Kf7 {[%clk 0:00:24]} 130. Rh8 {[%clk 0:00:14]} Kg6
{[%clk 0:00:25]} 131. Rh1 {[%clk 0:00:14]} Kf7 {[%clk 0:00:23]} 132. Rh6
{[%clk 0:00:13]} Ne8 {[%clk 0:00:22]} 133. Kf5 {[%clk 0:00:11]} Ng7+
{[%clk 0:00:24]} 134. Kg5 {[%clk 0:00:12]} Ne6+ {[%clk 0:00:25]} 135. Kg4
{[%clk 0:00:12]} Ng7 {[%clk 0:00:25]} 136. Ra6 {[%clk 0:00:13]} Ne6
{[%clk 0:00:26]} 137. Kf5 {[%clk 0:00:12]} Ng7+ {[%clk 0:00:28]} 138. Ke5 Nh5
{[%clk 0:00:21]} 139. Ra7+ {[%clk 0:00:11]} Kg6 {[%clk 0:00:22]} 140. Ra1
{[%clk 0:00:10]} Ng7 {[%clk 0:00:21]} 141. Kd6 {[%clk 0:00:09]} Kf6
{[%clk 0:00:21]} 142. Rf1+ {[%clk 0:00:10]} Nf5+ {[%clk 0:00:22]} 143. Kd5
{[%clk 0:00:11]} Kg6 {[%clk 0:00:23]} 144. Ke5 {[%clk 0:00:12]} Nh6
{[%clk 0:00:14]} 145. Rf6+ {[%clk 0:00:13]} Kg5 {[%clk 0:00:15]} 146. Rf1
{[%clk 0:00:12]} Ng4+ {[%clk 0:00:16]} 147. Ke4 {[%clk 0:00:13]} Nf6+
{[%clk 0:00:17]} 148. Ke5 {[%clk 0:00:14]} Ng4+ {[%clk 0:00:18]} 149. Ke6
{[%clk 0:00:15]} Ne3 {[%clk 0:00:13]} 150. Re1 {[%clk 0:00:15]} Ng4
{[%clk 0:00:14]} 151. Re4 {[%clk 0:00:15]} Nf2 {[%clk 0:00:11]} 152. Ra4
{[%clk 0:00:15]} Ng4 {[%clk 0:00:12]} 153. Ra1 {[%clk 0:00:15]} Kf4
{[%clk 0:00:11]} 154. Rf1+ {[%clk 0:00:15]} Ke4 {[%clk 0:00:12]} 155. Re1+
{[%clk 0:00:14]} Kf4 {[%clk 0:00:12]} 156. Ra1 {[%clk 0:00:14]} Kg5
{[%clk 0:00:09]} 157. Ra4 {[%clk 0:00:15]} Ne3 {[%clk 0:00:08]} 158. Ke5
{[%clk 0:00:15]} Ng4+ {[%clk 0:00:09]} 159. Ke4 {[%clk 0:00:16]} Nf6+
{[%clk 0:00:10]} 160. Kf3 {[%clk 0:00:17]} Kf5 {[%clk 0:00:10]} 161. Ra5+
{[%clk 0:00:18]} Ke6 {[%clk 0:00:11]} 162. Kf4 {[%clk 0:00:19]} Nd5+
{[%clk 0:00:12]} 163. Ke4 {[%clk 0:00:20]} Nf6+ {[%clk 0:00:14]} 164. Kd4
{[%clk 0:00:21]} Ne8 {[%clk 0:00:13]} 165. Ra6+ {[%clk 0:00:22]} Kf5
{[%clk 0:00:13]} 166. Ra5+ {[%clk 0:00:16]} Kf6 {[%clk 0:00:09]} 167. Ra1
{[%clk 0:00:12]} 1/2-1/2

[Event "Blitz 2018"]
[Site "Saint-Petersburg"]
[Date "2018.12.30"]
[Round "15"]
[Board "30"]
[White "Gevorgyan Maria (ARM)"]
[Black "Tsatsalashvili Keti (GEO)"]
[Result "0-1"]
[BlackElo "2211"]
[WhiteElo "2283"]
[LiveChessVersion "1.4.8"]

1. e4 {[%clk 0:03:02]} c5 {[%clk 0:03:03]} 2. Nc3 {[%clk 0:03:03]} d6
{[%clk 0:03:02]} 3. g3 {[%clk 0:02:57]} Nc6 {[%clk 0:02:59]} 4. Bg2
{[%clk 0:02:58]} g6 {[%clk 0:03:00]} 5. Nge2 {[%clk 0:02:58]} Bg7
{[%clk 0:03:01]} 6. d3 {[%clk 0:02:59]} e6 {[%clk 0:02:59]} 7. Be3
{[%clk 0:02:58]} Nd4 {[%clk 0:02:50]} 8. Qd2 {[%clk 0:02:52]} Ne7
{[%clk 0:02:49]} 9. Nc1 {[%clk 0:02:47]} O-O {[%clk 0:02:43]} 10. Nd1
{[%clk 0:02:48]} Ndc6 {[%clk 0:02:31]} 11. Bh6 {[%clk 0:02:30]} Re8
{[%clk 0:02:11]} 12. h4 {[%clk 0:02:29]} Bh8 {[%clk 0:02:08]} 13. h5
{[%clk 0:02:26]} Qc7 {[%clk 0:02:06]} 14. c3 {[%clk 0:02:16]} b6 {[%clk 0:01:56]}
15. hxg6 {[%clk 0:01:54]} fxg6 {[%clk 0:01:56]} 16. Qg5 {[%clk 0:01:56]} e5
{[%clk 0:01:45]} 17. Ne3 {[%clk 0:01:47]} Nd8 {[%clk 0:01:28]} 18. Qh4
{[%clk 0:01:41]} Nf7 {[%clk 0:01:20]} 19. Ne2 {[%clk 0:01:19]} Be6
{[%clk 0:01:13]} 20. c4 {[%clk 0:01:04]} Nc6 {[%clk 0:00:59]} 21. Nc3
{[%clk 0:01:04]} Nxh6 {[%clk 0:00:54]} 22. Qxh6 {[%clk 0:01:05]} Qg7
{[%clk 0:00:54]} 23. Qh4 {[%clk 0:00:54]} Nd4 {[%clk 0:00:55]} 24. Kd2
{[%clk 0:00:52]} Rf8 {[%clk 0:00:53]} 25. Raf1 {[%clk 0:00:52]} Rae8
{[%clk 0:00:44]} 26. Ncd5 {[%clk 0:00:53]} Bxd5 {[%clk 0:00:41]} 27. Nxd5
{[%clk 0:00:53]} h5 {[%clk 0:00:36]} 28. g4 {[%clk 0:00:47]} Qh6+
{[%clk 0:00:29]} 29. Kd1 {[%clk 0:00:45]} Bg7 {[%clk 0:00:21]} 30. gxh5
{[%clk 0:00:33]} Qxh5+ {[%clk 0:00:14]} 31. Qxh5 {[%clk 0:00:32]} gxh5
{[%clk 0:00:15]} 32. Rxh5 {[%clk 0:00:32]} Rf7 {[%clk 0:00:14]} 33. Rg5
{[%clk 0:00:32]} Ref8 {[%clk 0:00:11]} 34. Ke1 {[%clk 0:00:30]} Nc2+
{[%clk 0:00:11]} 35. Kd2 {[%clk 0:00:30]} Nd4 {[%clk 0:00:11]} 36. Ke3
{[%clk 0:00:24]} Nc2+ {[%clk 0:00:10]} 37. Ke2 {[%clk 0:00:22]} Nd4+
{[%clk 0:00:12]} 38. Kd2 {[%clk 0:00:18]} Kh7 {[%clk 0:00:12]} 39. Rh1+
{[%clk 0:00:19]} Bh6 {[%clk 0:00:13]} 40. Ne3 {[%clk 0:00:15]} Rxf2+
{[%clk 0:00:13]} 41. Kd1 {[%clk 0:00:16]} Rxb2 {[%clk 0:00:11]} 42. Rgh5
{[%clk 0:00:11]} Rf6 {[%clk 0:00:11]} 43. Ng4 {[%clk 0:00:07]} Rb1#
{[%clk 0:00:11]} 44. Ne3 Rf8+ 0-1

[Event "Blitz 2018"]
[Site "Saint-Petersburg"]
[Date "2018.12.30"]
[Round "15"]
[Board "40"]
[White "Shafigullina Zarina (RUS)"]
[Black "Tomilova Elena (RUS)"]
[Result "0-1"]
[BlackElo "2202"]
[WhiteElo "2088"]
[LiveChessVersion "1.4.8"]

1. d4 {[%clk 0:03:04]} Nf6 {[%clk 0:03:03]} 2. Nf3 b6 3. g3 {[%clk 0:03:06]} Bb7
{[%clk 0:03:06]} 4. Bg2 {[%clk 0:03:08]} g6 {[%clk 0:03:07]} 5. O-O Bg7 6. c4
{[%clk 0:03:09]} O-O 7. Nc3 Ne4 {[%clk 0:03:09]} 8. Qc2 {[%clk 0:03:09]} Nxc3
{[%clk 0:03:09]} 9. bxc3 {[%clk 0:03:10]} d6 {[%clk 0:03:00]} 10. Rb1
{[%clk 0:03:02]} c5 {[%clk 0:02:55]} 11. Rd1 {[%clk 0:02:57]} Nd7
{[%clk 0:02:53]} 12. dxc5 {[%clk 0:02:49]} Nxc5 {[%clk 0:02:50]} 13. Nd4
{[%clk 0:02:40]} Bxg2 {[%clk 0:02:48]} 14. Kxg2 {[%clk 0:02:42]} Qc7
{[%clk 0:02:46]} 15. Ba3 {[%clk 0:02:37]} Ne6 {[%clk 0:02:34]} 16. Nxe6
{[%clk 0:02:33]} fxe6 {[%clk 0:02:35]} 17. Qe4 {[%clk 0:02:34]} e5
{[%clk 0:02:21]} 18. h4 {[%clk 0:02:19]} Rac8 {[%clk 0:02:19]} 19. c5
{[%clk 0:01:51]} dxc5 {[%clk 0:02:09]} 20. f3 {[%clk 0:01:53]} Rcd8
{[%clk 0:02:01]} 21. h5 {[%clk 0:01:53]} Rd6 {[%clk 0:01:53]} 22. hxg6
{[%clk 0:01:36]} Rxg6 {[%clk 0:01:50]} 23. Rh1 {[%clk 0:01:06]} Qc6
{[%clk 0:01:42]} 24. Qh4 {[%clk 0:01:02]} e4 {[%clk 0:01:31]} 25. Qxh7+
{[%clk 0:00:50]} Kf7 {[%clk 0:01:32]} 26. Qh5 {[%clk 0:00:50]} exf3+
{[%clk 0:01:28]} 27. exf3 {[%clk 0:00:44]} Rd8 {[%clk 0:01:24]} 28. Rbd1
{[%clk 0:00:41]} Rxd1 {[%clk 0:01:09]} 29. Rxd1 {[%clk 0:00:42]} Qf6
{[%clk 0:01:07]} 30. Qd5+ {[%clk 0:00:12]} Qe6 {[%clk 0:01:05]} 31. Qxe6+
{[%clk 0:00:08]} Rxe6 {[%clk 0:01:06]} 32. Rd7 {[%clk 0:00:03]} Re2+
{[%clk 0:01:04]} 33. Kh3 {[%clk 0:00:05]} Rxa2 {[%clk 0:01:05]} 34. Bc1
{[%clk 0:00:05]} Bxc3 {[%clk 0:01:03]} 35. Bg5 {[%clk 0:00:06]} Bf6
{[%clk 0:01:04]} 36. Bxf6 {[%clk 0:00:04]} Kxf6 {[%clk 0:01:05]} 37. g4
{[%clk 0:00:05]} c4 {[%clk 0:01:03]} 38. Kg3 {[%clk 0:00:04]} c3 {[%clk 0:01:03]}
39. Rc7 {[%clk 0:00:04]} c2 {[%clk 0:01:03]} 40. f4 {[%clk 0:00:03]} b5
{[%clk 0:01:02]} 41. g5+ {[%clk 0:00:03]} Ke6 {[%clk 0:01:00]} 42. Kg4
{[%clk 0:00:04]} b4 {[%clk 0:01:01]} 43. f5+ {[%clk 0:00:05]} Kd6
{[%clk 0:00:55]} 44. Rc4 {[%clk 0:00:04]} b3 {[%clk 0:00:55]} 45. g6
{[%clk 0:00:04]} Ra1 {[%clk 0:00:55]} 46. f6 {[%clk 0:00:00]} exf6
{[%clk 0:00:55]} 47. Kf5 Ke5+ 0-1

[Event "Blitz 2018"]
[Site "Saint-Petersburg"]
[Date "2018.12.30"]
[Round "15"]
[Board "42"]
[White "Solozhenkina Elizaveta (RUS)"]
[Black "Kabanova Ekaterina (RUS)"]
[Result "1/2-1/2"]
[BlackElo "2060"]
[WhiteElo "2148"]
[LiveChessVersion "1.4.8"]

1. e4 {[%clk 0:03:03]} c5 {[%clk 0:03:04]} 2. Nf3 {[%clk 0:03:04]} e6
{[%clk 0:03:05]} 3. Nc3 {[%clk 0:03:05]} a6 {[%clk 0:03:06]} 4. d4
{[%clk 0:03:07]} cxd4 {[%clk 0:03:07]} 5. Nxd4 {[%clk 0:03:07]} Qc7
{[%clk 0:03:09]} 6. Qf3 {[%clk 0:03:07]} Nf6 {[%clk 0:03:09]} 7. Be3
{[%clk 0:03:05]} d6 {[%clk 0:03:10]} 8. O-O-O {[%clk 0:03:00]} Nbd7
{[%clk 0:03:11]} 9. Be2 {[%clk 0:02:57]} b5 {[%clk 0:03:06]} 10. e5
{[%clk 0:02:26]} Bb7 {[%clk 0:03:08]} 11. exd6 {[%clk 0:02:26]} Bxd6
{[%clk 0:03:09]} 12. Qh3 {[%clk 0:02:06]} Be7 {[%clk 0:03:03]} 13. Rhg1
{[%clk 0:02:01]} b4 {[%clk 0:03:02]} 14. Na4 {[%clk 0:01:46]} Rc8
{[%clk 0:03:00]} 15. Bd3 {[%clk 0:01:42]} Ne5 {[%clk 0:02:34]} 16. Kb1
{[%clk 0:01:42]} Qa5 {[%clk 0:02:32]} 17. b3 {[%clk 0:01:38]} Nxd3
{[%clk 0:02:23]} 18. cxd3 {[%clk 0:01:35]} Nd5 {[%clk 0:02:11]} 19. Qg3
{[%clk 0:01:23]} O-O {[%clk 0:02:07]} 20. Rc1 {[%clk 0:01:20]} Bf6
{[%clk 0:02:03]} 21. Qd6 {[%clk 0:00:55]} Nc3+ {[%clk 0:01:32]} 22. Nxc3
{[%clk 0:00:46]} Rxc3 {[%clk 0:01:32]} 23. Rxc3 {[%clk 0:00:42]} bxc3
{[%clk 0:01:33]} 24. Nc2 {[%clk 0:00:42]} Bd5 {[%clk 0:01:30]} 25. Qb6
{[%clk 0:00:38]} Qxb6 {[%clk 0:01:15]} 26. Bxb6 {[%clk 0:00:39]} Rb8
{[%clk 0:01:07]} 27. Bc7 {[%clk 0:00:25]} Rb7 {[%clk 0:01:06]} 28. Ba5
{[%clk 0:00:22]} Rb5 {[%clk 0:01:04]} 29. Bc7 {[%clk 0:00:23]} a5
{[%clk 0:01:02]} 30. Ne3 {[%clk 0:00:13]} c2+ {[%clk 0:00:54]} 31. Kc1
{[%clk 0:00:13]} Be7 {[%clk 0:00:51]} 32. Bf4 {[%clk 0:00:11]} Rc5
{[%clk 0:00:48]} 33. Nc4 {[%clk 0:00:12]} g5 {[%clk 0:00:43]} 34. Be3
{[%clk 0:00:13]} Rc8 {[%clk 0:00:44]} 35. Kxc2 {[%clk 0:00:15]} a4
{[%clk 0:00:45]} 36. f4 {[%clk 0:00:10]} h6 {[%clk 0:00:45]} 37. g3
{[%clk 0:00:11]} axb3+ {[%clk 0:00:46]} 38. axb3 {[%clk 0:00:12]} Ra8
{[%clk 0:00:48]} 39. Rb1 {[%clk 0:00:09]} Bf6 {[%clk 0:00:48]} 40. d4
{[%clk 0:00:10]} Kg7 {[%clk 0:00:47]} 41. Kc3 {[%clk 0:00:10]} Be4
{[%clk 0:00:47]} 42. Rd1 {[%clk 0:00:07]} Be7 {[%clk 0:00:46]} 43. fxg5
{[%clk 0:00:07]} hxg5 {[%clk 0:00:48]} 44. Rf1 {[%clk 0:00:08]} Ra2
{[%clk 0:00:48]} 45. Rf2 {[%clk 0:00:09]} Ra1 {[%clk 0:00:47]} 46. Nd2
{[%clk 0:00:07]} Rc1+ {[%clk 0:00:43]} 47. Kb2 {[%clk 0:00:06]} Rc2+
{[%clk 0:00:44]} 48. Ka1 {[%clk 0:00:06]} Bd3 {[%clk 0:00:44]} 49. Nc4
{[%clk 0:00:06]} Be2 {[%clk 0:00:31]} 50. Kb1 {[%clk 0:00:06]} Rxc4
{[%clk 0:00:25]} 51. bxc4 Bxc4 {[%clk 0:00:26]} 52. Kc2 {[%clk 0:00:07]} Bd5
{[%clk 0:00:27]} 53. Kc3 {[%clk 0:00:09]} f6 {[%clk 0:00:27]} 54. Rb2
{[%clk 0:00:09]} Kg6 {[%clk 0:00:24]} 55. Kd2 {[%clk 0:00:10]} f5
{[%clk 0:00:25]} 56. Ke2 {[%clk 0:00:10]} Bd6 {[%clk 0:00:25]} 57. Rb6
{[%clk 0:00:10]} Bc7 {[%clk 0:00:26]} 58. Rb2 {[%clk 0:00:09]} f4
{[%clk 0:00:24]} 59. Bf2 {[%clk 0:00:10]} f3+ {[%clk 0:00:23]} 60. Ke3
{[%clk 0:00:07]} Kf5 {[%clk 0:00:23]} 61. Rc2 {[%clk 0:00:07]} Bd6
{[%clk 0:00:23]} 62. h3 {[%clk 0:00:06]} Ba3 {[%clk 0:00:19]} 63. Rc8
{[%clk 0:00:04]} Bb4 {[%clk 0:00:17]} 64. Rb8 {[%clk 0:00:04]} Ba3
{[%clk 0:00:18]} 65. Rd8 {[%clk 0:00:03]} Bc1+ {[%clk 0:00:18]} 66. Kd3
{[%clk 0:00:05]} Ba3 {[%clk 0:00:14]} 67. Rd7 {[%clk 0:00:06]} Kf6 68. Ra7
{[%clk 0:00:06]} Bd6 {[%clk 0:00:15]} 69. Ra6 {[%clk 0:00:07]} Bb4
{[%clk 0:00:15]} 70. Rb6 {[%clk 0:00:08]} Ba5 {[%clk 0:00:16]} 71. Ra6
{[%clk 0:00:07]} Bc7 {[%clk 0:00:17]} 72. Ra7 {[%clk 0:00:08]} Bd6
{[%clk 0:00:18]} 73. Ra6 {[%clk 0:00:09]} Ke5 74. Ke4+ 1/2-1/2

[Event "Blitz 2018"]
[Site "Saint-Petersburg"]
[Date "2018.12.30"]
[Round "15"]
[Board "43"]
[White "Gritsayeva Oksana (RUS)"]
[Black "Petrova Irina (UKR)"]
[Result "1-0"]
[BlackElo "2038"]
[WhiteElo "2145"]
[LiveChessVersion "1.4.8"]

1. e4 d6 2. d4 Nf6 3. Nc3 g6 4. Be2 Bg7 5. h4 h5 6. Nf3 c5 7. dxc5 Qa5 8. Ng5
Qxc5 9. Be3 Qa5 10. Qd2 Nc6 11. Bc4 O-O 12. f3 Bd7 13. Bb3 Rac8 14. O-O-O Ne5 15.
Kb1 Nc4 16. Qe2 Bb5 17. Nxb5 Qxb5 18. Bxc4 Rxc4 19. Bd4 Rfc8 20. c3 Qc6 21. e5
dxe5 22. Bxe5 b5 23. Rd4 Rxd4 24. Bxd4 a5 25. Qxe7 Rc7 26. Qe2 b4 27. Rc1 Qd5 28.
Qe5 Qc4 29. Qxa5 bxc3 30. Qxc3 Qxc3 31. Rxc3 Rd7 32. Rc8+ Kh7 33. Bc3+ 1-0